|
LDR
| 01576nam a2200433 a 4500 |
|---|
| 001 | 27578 |
|---|
| 003 | CZ-PrJAB |
|---|
| 005 | 20221025122002.0 |
|---|
| 008 | 051122s2005 gw b gr 000 0 ger d |
|---|
| 020 | | . |
‡a3-406-52802-3 (brož.) |
|---|
| 035 | | . |
‡a(CONS)2400 |
|---|
| 035 | | . |
‡a(CZ PrSKC)zpk20051584799 |
|---|
| 040 | | . |
‡aGBV
‡bcze
‡dABA001 |
|---|
| 080 | | . |
‡a341.322.5
‡2MRF |
|---|
| 080 | | . |
‡a355.1
‡2MRF |
|---|
| 080 | | . |
‡a355.48(100)"1939/1945"
‡2MRF |
|---|
| 080 | | . |
‡a(430)
‡2MRF |
|---|
| 080 | | . |
‡a(47+57)
‡2MRF |
|---|
| 080 | | . |
‡a(062.534)
‡2MRF |
|---|
| 245 | 0 | 0. |
‡aVerbrechen der Wehrmacht :
‡bBilanz einer Debatte /
‡chrsg. von Christian Hartmann, Johannes Hürter und Ulrike Jureit |
|---|
| 250 | | . |
‡aOrig.-Ausg. |
|---|
| 260 | | . |
‡aMünchen :
‡bC.H. Beck,
‡cc2005 |
|---|
| 300 | | . |
‡a230 s :
‡bmapy ;
‡c19 cm |
|---|
| 490 | 1 | . |
‡aBeck'sche Reihe ;
‡v1632 |
|---|
| 504 | | . |
‡aObsahuje bibliografii |
|---|
| 700 | 1 | . |
‡aHartmann, Christian,
‡d1959-
‡7jx20090526011
‡4edt |
|---|
| 700 | 1 | . |
‡aHürter, Johannes,
‡d1963-
‡7js2008409854
‡4edt |
|---|
| 700 | 1 | . |
‡aUlrike, Jureit,
‡d1964-
‡4edt |
|---|
| 710 | 2 | . |
‡aHamburger Institut für Sozialforschung
‡7ko2004226081 |
|---|
| 830 | | 0. |
‡aBeck'sche Reihe |
|---|
| 852 | 4 | . |
‡bJACH-ITI
‡bJACH-ITI
‡cKnihovna ITI
‡j5021
‡p5021
‡y$0.00 |
|---|
| 910 | | . |
‡aABE340
‡b5021 |
|---|
| 995 | | . |
‡askok |
|---|
| 901 | | . |
‡a27578
‡bISxN
‡c27578
‡tbiblio |
|---|